000 00372nam a2200121Ia 4500
008 220620s9999||||xx |||||||||||||| ||und||
245 0 _aQuantum Cryptography in Advanced Networks
546 _aEnglish[eng]
650 _aNetwork security
700 _aMorozov, Oleg G.
856 _uhttps://mts.intechopen.com/storage/books/7376/authors_book/authors_book.pdf
942 _cEB
999 _c33079
_d33079